000 00628nam a2200229Ia 4500
003 OSt
005 20220923212506.0
006 a|||||r|||| 00| 0
007 ta
008 220922b |||||||| |||| 00| 0 hin d
024 _a153,536
037 _cTextual
040 _aARTS
_cARTS
_bhin
041 _2hin
_ahin
082 _aO152v:N3, G1 (TPH)
100 _aरसाल
245 0 _aहिन्दी साहित्य का इतिहास
246 _aHindī sāhitya kā itihāsa
260 _c1931
942 _hO152v:N3, G1 (TPH)
_cTEXL
_2CC
999 _c309177
_d309177